Štát sa zaviazal, že dá obciam, čo im sľúbil
Pokles výnosu dane z príjmov fyzických osôb, alebo jej sadzba neovplyvnia v roku 2005 výšku rozpočtov samospráv. Kritéria rozdeľovania dane z príjmov fyzických osôb pre samosprávu. Plátcom dane z nehnuteľností bude aj štát a VÚC. Obec ako správca dane, daň z vlastných pozemkov a budov neplatí. Zákla...
Gespeichert in:
| 1. Verfasser: | |
|---|---|
| Format: | Buchkapitel |
| Sprache: | Slowakisch |
| Schlagworte: | |
| Tags: |
Keine Tags, Fügen Sie das erste Tag hinzu!
|
MARC
| LEADER | 00000naa$a2200000$$$4500 | ||
|---|---|---|---|
| 001 | 0019199 | ||
| 005 | 20231004124606.4 | ||
| 041 | 0 | |a slo | |
| 044 | |a SK | ||
| 245 | 1 | 0 | |a Štát sa zaviazal, že dá obciam, čo im sľúbil |c Ľuboš Jančík |
| 520 | |a Pokles výnosu dane z príjmov fyzických osôb, alebo jej sadzba neovplyvnia v roku 2005 výšku rozpočtov samospráv. Kritéria rozdeľovania dane z príjmov fyzických osôb pre samosprávu. Plátcom dane z nehnuteľností bude aj štát a VÚC. Obec ako správca dane, daň z vlastných pozemkov a budov neplatí. Základné otázky fiškálnej decentralizácie. | ||
| 610 | 2 | 0 | |a politika fiškálna |
| 610 | 2 | 0 | |a rozpočty verejné |
| 610 | 2 | 0 | |a samospráva |
| 610 | 2 | 0 | |a decentralizácia |
| 100 | 1 | |a Jančík, Ľuboš | |